书目信息 |
| 题名: |
网络语言暴力问题研究
|
|
| 作者: | 柳思思 著 | |
| 分册: | ||
| 出版信息: | 北京 人民日报出版社 2018.05 |
|
| 页数: | 294页 | |
| 开本: | 24cm | |
| 丛书名: | ||
| 单 册: | ||
| 中图分类: | TN915.08 | |
| 科图分类: | ||
| 主题词: | 网络安全--安全教育--研究 | |
| 电子资源: | ||
| ISBN: | 978-7-5115-5432-1 | |
| 000 | 00965nam0 2200241 450 | |
| 001 | 67 | |
| 005 | 20180920170535.34 | |
| 010 | @a978-7-5115-5432-1@dCNY52.00 | |
| 100 | @a20180819d2018 em y0chiy50 ea | |
| 101 | 0 | @achi |
| 102 | @aCN@b110000 | |
| 105 | @ay z 000yy | |
| 200 | 1 | @a网络语言暴力问题研究@9wang luo yu yan bao li wen ti yan jiu@dResearch on cyber language violence@e欧盟治理经验及对我国的启示@f柳思思著@zeng |
| 210 | @a北京@c人民日报出版社@d2018.05 | |
| 215 | @a294页@d24cm | |
| 300 | @a国家语委社科项目“网络语言暴力问题研究” | |
| 330 | @a本书共分五章,内容包括:治理网络语言暴力的研究基础;治理网络语言暴力规范生成的理论逻辑;欧盟及成员国维护网络安全和治理网络暴力的实践与规范;中国治理网络语言暴力的实践与规范等。 | |
| 510 | 1 | @aResearch on cyber language violence@zeng |
| 606 | 0 | @a网络安全@x安全教育@x研究 |
| 690 | @aTN915.08@v5 | |
| 701 | 0 | @a柳思思@9liu si si@4著 |
| 801 | 0 | @aCN@b91MARC@c20180819 |
| 905 | @aMuseLib@dTN915.08@e184 | |
| 网络语言暴力问题研究=Research on cyber language violence:欧盟治理经验及对我国的启示/柳思思著.-北京:人民日报出版社,2018.05 |
| 294页;24cm |
| 国家语委社科项目“网络语言暴力问题研究” |
| ISBN 978-7-5115-5432-1:CNY52.00 |
| 本书共分五章,内容包括:治理网络语言暴力的研究基础;治理网络语言暴力规范生成的理论逻辑;欧盟及成员国维护网络安全和治理网络暴力的实践与规范;中国治理网络语言暴力的实践与规范等。 |
| ● |
| 相关链接 |
|
|
|
|
正题名:网络语言暴力问题研究
索取号:TN915.08/184
 
预约/预借
| 序号 | 登录号 | 条形码 | 馆藏地/架位号 | 状态 | 备注 |
| 1 | 1118074 | 211180746 | 第二样本阅览室/ [索取号:TN915.08/184] | 在馆 | |
| 2 | 1118075 | 211180755 | 密集书库-物理学院/ [索取号:TN915.08/184] | 在馆 | |
| 3 | 1118076 | 211180764 | 第三借阅区/ [索取号:TN915.08/184] | 在馆 | |
| 4 | 1118077 | 211180773 | 第三借阅区/ [索取号:TN915.08/184] | 在馆 | |
| 5 | 1118078 | 211180782 | 第三借阅区/ [索取号:TN915.08/184] | 在馆 |